MARC details
| 000 -CABECERA |
| campo de control de longitud fija |
03692nam a2200349 c 4500 |
| 001 - NÚMERO DE CONTROL |
| campo de control |
000001970 |
| 003 - IDENTIFICADOR DEL NÚMERO DE CONTROL |
| campo de control |
DO-SdBNP |
| 005 - FECHA Y HORA DE LA ÚLTIMA TRANSACCIÓN |
| campo de control |
20240229073830.0 |
| 008 - DATOS DE LONGITUD FIJA--INFORMACIÓN GENERAL |
| campo de control de longitud fija |
090630s2005 dr d 000 0 spa d |
| 020 ## - NÚMERO INTERNACIONAL ESTÁNDAR DEL LIBRO |
| Número Internacional Estándar del Libro |
9993425559 |
| 040 ## - FUENTE DE LA CATALOGACIÓN |
| Centro catalogador/agencia de origen |
DO-SdBNP |
| Lengua de catalogación |
spa |
| Centro/agencia transcriptor |
BNPHU |
| 082 #4 - NÚMERO DE LA CLASIFICACIÓN DECIMAL DEWEY |
| Número de clasificación |
305.42 |
| Número de documento/Ítem |
M671de |
| Número de edición |
22 |
| 245 00 - MENCIÓN DE TÍTULO |
| Título |
Miradas desencadenantes : |
| Resto del título |
los estudios de género en la República Dominicana al inicio del tercer milenio / |
| Mención de responsabilidad, etc. |
compiladora, Ginetta E. B. Candelario ; prólogo, Lourdes Contrera ; revisión editorial Ángela Hernández ; coordinación Didiana Belliard. |
| 260 ## - PUBLICACIÓN, DISTRIBUCIÓN, ETC. |
| Lugar de publicación, distribución, etc. |
Santo Domingo : |
| Nombre del editor, distribuidor, etc. |
INTEC. Centro de Estudios de Género, |
| Fecha de publicación, distribución, etc. |
2005. |
| 300 ## - DESCRIPCIÓN FÍSICA |
| Extensión |
349 p. ; |
| Dimensiones |
23 cm. |
| 500 ## - NOTA GENERAL |
| Nota general |
Incluye índice. |
| 504 ## - NOTA DE BIBLIOGRAFÍA, ETC. |
| Nota de bibliografía, etc. |
Incluye referencias bibliográficas, notas al pie de las páginas. |
| 505 0# - NOTA DE CONTENIDO CON FORMATO |
| Nota de contenido con formato |
Secc. 1. Historia. Familias, mujeres y servidumbres: "invisibilidades" visibles en la historia colonial dominicana/Dora Dávila -- El eco de su voz allende a los mares: la primera etapa en el pensamiento feminista dominicano / Ginetta E.B. Candelario -- La feminización de la matrícula universitaria / Lucero Quiroga -- Secc. 2. Pensamiento feminista. El derecho a los derechos y los derechos en el derecho / Lourdes Contreras -- Identidades esencialistas o construcción de identidades políticas: El dilema de las feministas / Ochy Curiel -- Sobre el feminismo hoy. A la búsqueda de un otro sentido del ser y el hacer feminista en este tiempo / Yuderkys Espinosa Miñoso -- Secc. 3. Masculinidad, violencia y salud. El sistema de derecho dominicano y la violencia de pareja / María Jesús Pola Z. (Susi) -- Juegos de guerra: el enfoque genérico-cultural de la respuesta al VIH-SIDA / E. Antonio de Moya -- La violación sexual en la región Nordeste de la República Dominicana : respuesta desde la administración de justicia, 1998-2000 / Iluminada González -- Falocentrismo, orquiectomía e identidad masculina en República Dominicana / Angel Pichardo Almonte --Secc. 4. Movimientos sociales y ciudadanía femenina. La mujer en las formas organizativas informales y formales de los barrios urbano-marginales de Santo Domingo / Tahira Vargas -- Género, turismo y desarrollo: estudio de caso en la Cordillera Central de la República Dominicana / Light Carruyo -- Género y transnacionalismo en la encrucijada de agendas locales y globales: de Nueva York a Villa Mella / Karin Weyland -- Género, discriminación racial y ciudadanía: un estudio en la escuela dominicana / Claudina Valdez -- |
| 505 0# - NOTA DE CONTENIDO CON FORMATO |
| Nota de contenido con formato |
Secc. 5. Participación política. Democracia y género en la República Dominicana / Rosario Espinal, Jonathan Hartlyn y Jana Morgan Kelly -- La representación política de las mujeres en la República Dominicana : obstáculos institucionales a su incorporación en los espacios de poder. Un análisis de las elecciones de 1998 y 2002 / Jacqueline Jiménez Polanco -- Mujer y participación política en la RD: el caso de la Región -- Fichas biográficas de las y los autorales. |
| 590 ## - NOTA LOCAL (RLIN) |
| Nota local |
Inventariado, 2018/MFF |
| 650 #4 - PUNTO DE ACCESO ADICIONAL DE MATERIA--TÉRMINO DE MATERIA |
| Término de materia o nombre geográfico como elemento de entrada |
Feminismo |
| Subdivisión geográfica |
República Dominicana |
| 9 (RLIN) |
6393 |
| 650 #4 - PUNTO DE ACCESO ADICIONAL DE MATERIA--TÉRMINO DE MATERIA |
| Término de materia o nombre geográfico como elemento de entrada |
Mujeres en República Dominicana |
| Subdivisión general |
Aspectos sociales |
| 9 (RLIN) |
6394 |
| 650 #4 - PUNTO DE ACCESO ADICIONAL DE MATERIA--TÉRMINO DE MATERIA |
| Término de materia o nombre geográfico como elemento de entrada |
Derechos de la mujer |
| Subdivisión geográfica |
República Dominicana |
| 9 (RLIN) |
2757 |
| 650 #4 - PUNTO DE ACCESO ADICIONAL DE MATERIA--TÉRMINO DE MATERIA |
| Término de materia o nombre geográfico como elemento de entrada |
Mujeres |
| Subdivisión general |
Situación legal |
| Subdivisión geográfica |
República Dominicana |
| 9 (RLIN) |
6395 |
| 650 #4 - PUNTO DE ACCESO ADICIONAL DE MATERIA--TÉRMINO DE MATERIA |
| Término de materia o nombre geográfico como elemento de entrada |
Violencia familiar |
| Subdivisión geográfica |
República Dominicana |
| 9 (RLIN) |
6396 |
| 700 1# - PUNTO DE ACCESO ADICIONAL--NOMBRE DE PERSONA |
| Nombre de persona |
Candelario, Ginetta E. B., |
| Término indicativo de función/relación |
comp. |
| 9 (RLIN) |
6397 |
| 700 1# - PUNTO DE ACCESO ADICIONAL--NOMBRE DE PERSONA |
| Nombre de persona |
Contreras, Lourdes, |
| Término indicativo de función/relación |
pról. |
| 9 (RLIN) |
2759 |
| 700 1# - PUNTO DE ACCESO ADICIONAL--NOMBRE DE PERSONA |
| Nombre de persona |
Hernández, Ángela, |
| Fechas asociadas al nombre |
1954- |
| Término indicativo de función/relación |
coord. |
| 9 (RLIN) |
2564 |
| 710 ## - PUNTO DE ACCESO ADICIONAL--NOMBRE DE ENTIDAD CORPORATIVA |
| Nombre de entidad corporativa o nombre de jurisdicción como elemento de entrada |
Instituto Tecnologico de Santo Domingo. |
| Unidad subordinada |
Centro de Estudio del Género |
| 9 (RLIN) |
35512 |
| 910 ## - DATOS DE OPCIÓN DEL USUARIO (OCLC) |
| Datos de opción del usuario |
Validado. Control de calidad MFF |
| 942 ## - ELEMENTOS DE PUNTO DE ACCESO ADICIONAL (KOHA) |
| Fuente del sistema de clasificación o colocación |
Dewey Decimal Classification |
| Tipo de ítem Koha |
Libro |